Derecho administrativo general (Registro nro. 313914)

Detalles MARC
000 -ENCABEZADO
Número de control [NR] 00952 a2200229 4500
005 - FECHA Y HORA DE LA ÚLTIMA TRANSACCIÓN
control field 20190723025024.0
008 - DE LONGITUD FIJA DE DATOS DE ELEMENTOS - INFORMACIÓN GENERAL
Elementos de longitud fija [NR] 190722s2013 ck ||||| |||| 00| 0 spa d
020 ## - NUMERO INTERNACIONAL NORMALIZADO PARA LIBROS [R]
Número Internacional Normalizado del libro [NR] 9789587690521
020 ## - NUMERO INTERNACIONAL NORMALIZADO PARA LIBROS [R]
Número Internacional Normalizado del libro [NR] 77073496213546
040 ## - FUENTE DE CATALOGACION [NR]
Agencia de catalogación original [NR] CO-BoUCM
Idioma de catalogación [NR] spa
Quien Cataloga Saul Niño (Modificó)
Quien Clasifica Saul Niño (Modificó)
041 0# - CODIGO DE IDIOMA [R]
Código de idioma para texto/pista de sonido o título separado [R] Español
100 10 - ASIENTO PRINCIPAL--NOMBRE PERSONAL [NR]
Nombre personal [NR] Sousa, Marcelo Rebelo de
Fechas asociadas con el nombre [NR] 1948-
ID Autoridad 97733
245 10 - MENCION DE TITULO [NR]
Título [NR] Derecho administrativo general
Parte restante del título [NR] introducción y principios fundamentales
Mención de responsabilidad, etc. [NR] Marcelo Rebelo de Sousa, André Salgado de Matos ; traducción del portugués Martha Esperanza Ramos de Echandía
260 ## - PUBLICACION, DISTRIBUCION, ETC. (PIE DE IMPRENTA) [R]
Lugar de publicación, distribución, etc. [R] Bogotá (Colombia)
Nombre del editor, distribuidor, etc. [R] Leyer
Fecha de publicación, distribución, etc. [R] 2013
300 ## - DESCRIPCION FISICA [R]
Extensión [R] 270 páginas
650 #7 - ASIENTO SECUNDARIO DE MATERIA - TERMINO TEMATICO [R]
9 (RLIN) 12695
Término temático o nombre geográfico como elemento de entrada [NR] Derecho administrativo
650 #7 - ASIENTO SECUNDARIO DE MATERIA - TERMINO TEMATICO [R]
9 (RLIN) 7498
Término temático o nombre geográfico como elemento de entrada [NR] Derecho internacional público
700 10 - ASIENTO SECUNDARIO - NOMBRE PERSONAL [R]
Nombre personal [NR] Matos, André Salgado de
9 (RLIN) 97734
700 10 - ASIENTO SECUNDARIO - NOMBRE PERSONAL [R]
Nombre personal [NR] Ramos de Echandía Martha Esperanza
Término de relación [R] traductor
9 (RLIN) 97735
942 ## - ELEMENTOS DE ENTRADA AGREGADOS (KOHA)
Tipo de ítem principal el descrito en 300a Libro
Sistema de clasificación DEWEY
Tema principal Historia
Edición 1
Clasificación 342.06
Parte restante de la signatura top. S725d
Existencias
Total préstamos Signatura topográfica Código de barras Última vez visto Ejemplar Costo de reposición Price effective from Tipo de ítem Perdido Sistema de clasificación Dañado No prestable Tipo de ítem específico Suprimido Ubicación habitual Ubicación actual Localización Fecha de creación Proveedor Forma de adquisición Costo
  342.06 S725d 100161827 05/12/2025 Ej.1 26000.00 28/06/2019 Libro   DEWEY     Libro   Claustro Claustro 3er piso 28/06/2019 12 Donación 0.00